Pravidelná a príležitostná práca z domácnosti zamestnanca
Novela zákona č.311/2001 Z.z. Zákonník práce v znp., ktorá bola vykonaná zákonom č.76/2021 Z.z., zmenila definíciu domácej práce a telepráce, ale jej podstata a charakteristika sa nezmenili. S výkonom práce z domu sa stretávame s dvoma pojmami, a to home office ako príležitostná práca z domu a domác...
Salvato in:
| Autore principale: | |
|---|---|
| Natura: | Capitolo di libro |
| Lingua: | slovacco |
| Soggetti: | |
| Tags: |
Nessun Tag, puoi essere il primo ad aggiungerne!!
|
MARC
| LEADER | 00000naa a2200000 4500 | ||
|---|---|---|---|
| 001 | 0274036 | ||
| 005 | 20210528105653.1 | ||
| 041 | 0 | |a slo | |
| 044 | |a SK | ||
| 245 | 1 | 0 | |a Pravidelná a príležitostná práca z domácnosti zamestnanca |c Iveta Matlovičová |
| 520 | |a Novela zákona č.311/2001 Z.z. Zákonník práce v znp., ktorá bola vykonaná zákonom č.76/2021 Z.z., zmenila definíciu domácej práce a telepráce, ale jej podstata a charakteristika sa nezmenili. S výkonom práce z domu sa stretávame s dvoma pojmami, a to home office ako príležitostná práca z domu a domácka práca/telepráca ako pravidelná práca z domu. Pojem home office právna úprava SR nepozná, vymedzuje len pojem domácka práca. | ||
| 610 | 2 | 0 | |a práca z domu |
| 610 | 2 | 0 | |a telepráca |
| 610 | 2 | 0 | |a zamestnanci |
| 610 | 2 | 0 | |a zákony |
| 610 | 2 | 0 | |a novelizácia |
| 100 | 1 | |a Matlovičová, Iveta | |